Rambles in old college towns /

Bibliographic Details
Main Author: Hawthorne, Hildegarde
Format: Book
Language:English
Published: New York : Dodd, Mead & company, 1917.
Subjects:

MARC

Tag First Indicator Second Indicator Subfields
LEADER 00000cam a2200000 4500
001 in00000082616
005 20151008053053.0
008 760512s1917 nyuf 00010 eng
010 |a  17029340  
035 |a (OCoLC)02171422 
035 |9 AAH6089AM 
040 |a DLC  |c EXN  |d TXA  |d UtOrBLW 
049 |a TXAM  |c [10599] 
050 0 0 |a LA229  |b .H3 
092 |a 378.73  |b H39r 
100 1 |a Hawthorne, Hildegarde. 
245 1 0 |a Rambles in old college towns /  |c by Hildegarde Hawthorne ... with drawings by John Albert Seaford. 
264 1 |a New York :  |b Dodd, Mead & company,  |c 1917. 
300 |a 5 pages ., 364 pages :  |b frontispiece, plates. ;  |c 23 cm. 
336 |a text  |b txt  |2 rdacontent 
337 |a unmediated  |b n  |2 rdamedia 
338 |a volume  |b nc  |2 rdacarrier 
650 0 |a Universities and colleges  |z United States. 
999 |a MARS 
999 f f |s f80b525f-468e-3ef7-8286-59aa7f400f0b  |i 16815a1d-00d9-332f-8d79-c4bd6a7236e8  |t 0 
952 f f |p normal  |a Texas A&M University  |b College Station  |c Sterling C. Evans Library  |d Evans: Library Stacks  |t 0  |e LA229 .H3  |h Library of Congress classification  |i unmediated -- volume  |m A14800864663 
998 f f |a LA229 .H3  |t 0  |l Evans: Library Stacks